| 000 | 01354nam a22003257a 4500 | ||
|---|---|---|---|
| 003 | EG-ScBUE | ||
| 005 | 20211201100241.0 | ||
| 008 | 090728s1998 ua f 000 f ara d | ||
| 017 | _a98 / 7969 | ||
| 020 | _a9770157139 | ||
| 040 |
_aEG-ScBUE _bara _erda _cEG-ScBUE _dEG-ScBUE |
||
| 041 | 1 |
_aara _hrus |
|
| 082 | 0 | 4 |
_a891.733 _bت و ل _222 |
| 100 | 1 |
_98176 _aتولستوي، ليو، _d1828-1910، _eمؤلف. |
|
| 245 | 1 | 0 |
_aآنا كارنينا / _cتأليف ليو تولستوي ؛ ترجمة محمد العزب موسى ؛ مراجعة مختار السويفي. |
| 264 | 1 |
_aالقاهرة : _bالهيئة المصرية العامة للكتاب، _c1998. |
|
| 300 |
_a291 صفحة ؛ _c17 سم. |
||
| 336 |
_2rdacontent _aنص _btxt |
||
| 337 |
_2rdamedia _aبدون وسيط _bn |
||
| 338 |
_2rdacarrier _aمجلد _bnc |
||
| 490 | 0 |
_aمكتبة الأسرة. _aروائع الأدب العالمي للناشئين |
|
| 546 | _aالنص باللغة العربية وتم ترجمته من اللغة الروسية. | ||
| 650 | 7 |
_98177 _aالقصص الروسية _yقرن 19. _2BUEsh |
|
| 651 | _2BUEsh | ||
| 653 |
_bGGEN _cNovember2021 |
||
| 655 |
_vReading book _934232 |
||
| 700 | 1 |
_aموسى، محمد العزب، _d1935- _eمترجم. _940625 |
|
| 700 | 1 |
_aالسويفي، مختار، _d1933- _eمراجع. |
|
| 942 |
_2ddc _cBB |
||
| 999 |
_c12441 _d12441 |
||